| 000 | 01521 a2200253 4500 | ||
|---|---|---|---|
| 003 | Nust | ||
| 005 | 20221007183655.0 | ||
| 010 | _a 2003044597 | ||
| 020 | _a0387007504 (hc. : alk. paper) | ||
| 040 | _cNust | ||
| 082 | 0 | 0 | _a681.2,FRA |
| 100 | 1 |
_aFraden, Jacob. _999542 |
|
| 245 | 1 | 0 |
_aHandbook of modern sensors : _bphysics, designs, and applications / _cJacob Fraden. |
| 250 | _a3rd ed. | ||
| 260 |
_aNew York : _bSpringer, _cc2004. |
||
| 300 |
_axvii, 589 p. : _bill. ; _c24 cm. |
||
| 505 | _aData Acquisition (Page-1), Sensor Characteristics (Page-13), Physical Principles of Sensing (Page-37), Optical Components of Sensors (Page-123), Interface Electronic Circuits (Page-151)Occupancy and Motion Detectors (Page-227), Position, Displacement, and Level (Page-253), Velocity and Acceleration (Page-301), Force, Strain, and Tactile Sensors (Page-323), Pressure Sensors (Page-339).Flow Sensors (Page-359), Acoustic Sensors (Page-381), Humidity and Moisture Sensors (Page-393), Light Detectors (Page-407), Radiation Detectors (Page-443), Temperature Sensors (Page-457), Chemical Sensors (Page-499). | ||
| 650 | 0 |
_aDetectors _9399 |
|
| 650 | 0 |
_aInterface circuits _999543 |
|
| 856 | 4 | 2 |
_3Contributor biographical information _uhttp://www.loc.gov/catdir/enhancements/fy0817/2003044597-b.html |
| 856 | 4 | 2 |
_3Publisher description _uhttp://www.loc.gov/catdir/enhancements/fy0817/2003044597-d.html |
| 856 | 4 | 2 |
_3Table of contents only _uhttp://www.loc.gov/catdir/enhancements/fy0817/2003044597-t.html |
| 942 |
_cREF _2ddc |
||
| 999 |
_c176051 _d176051 |
||